ARRUPE JESUIT UNIVERSITY

CORONAVIRUS -STOP THE SPREAD - CLEAN,DISINFECT,COVER

Introducing the existentialists : (Record no. 25715)

MARC details
000 -LEADER
fixed length control field 00998cam a2200277 i 4500
001 - CONTROL NUMBER
control field 410608
003 - CONTROL NUMBER IDENTIFIER
control field ARRUPE
005 - DATE AND TIME OF LATEST TRANSACTION
control field 20170728135051.0
008 - FIXED-LENGTH DATA ELEMENTS--GENERAL INFORMATION
fixed length control field 801105s1981 inuc b 000 0 eng
010 ## - LIBRARY OF CONGRESS CONTROL NUMBER
LC control number 80026838
020 ## - INTERNATIONAL STANDARD BOOK NUMBER
International Standard Book Number 0915144476 :
Terms of availability $8.50 (est.)
020 ## - INTERNATIONAL STANDARD BOOK NUMBER
International Standard Book Number 0915144387 (pbk.) :
Terms of availability $2.50. (est.)
040 ## - CATALOGING SOURCE
Original cataloging agency DLC
Transcribing agency DLC
Modifying agency DLC
050 00 - LIBRARY OF CONGRESS CALL NUMBER
Classification number B819
Item number .S578
082 00 - DEWEY DECIMAL CLASSIFICATION NUMBER
Classification number 142/.78
Edition number 19
300 ## - PHYSICAL DESCRIPTION
Other physical details ports. ;
Dimensions 22 cm.
100 1# - MAIN ENTRY--PERSONAL NAME
Personal name Solomon, Robert C.
9 (RLIN) 33090
245 10 - TITLE STATEMENT
Title Introducing the existentialists :
Remainder of title imaginary interviews with Sartre, Heidegger, and Camus /
Statement of responsibility, etc Robert C. Solomon.
260 ## - PUBLICATION, DISTRIBUTION, ETC. (IMPRINT)
Place of publication, distribution, etc Indianapolis, Ind. :
Name of publisher, distributor, etc Hackett Pub. Co.,
Date of publication, distribution, etc c1981.
300 ## - PHYSICAL DESCRIPTION
Extent x, 87 p. :
504 ## - BIBLIOGRAPHY, ETC. NOTE
Bibliography, etc Bibliography: p. 85-87.
600 10 - SUBJECT ADDED ENTRY--PERSONAL NAME
Personal name Sartre, Jean-Paul,
Dates associated with a name 1905-1980
General subdivision Philosophy.
9 (RLIN) 33883
600 10 - SUBJECT ADDED ENTRY--PERSONAL NAME
Personal name Heidegger, Martin,
Dates associated with a name 1889-1976.
9 (RLIN) 33884
600 10 - SUBJECT ADDED ENTRY--PERSONAL NAME
Personal name Camus, Albert,
Dates associated with a name 1913-1960
General subdivision Philosophy.
9 (RLIN) 33885
650 #0 - SUBJECT ADDED ENTRY--TOPICAL TERM
Topical term or geographic name as entry element Existentialism.
9 (RLIN) 1759
906 ## - LOCAL DATA ELEMENT F, LDF (RLIN)
a 7
b cbc
c orignew
d u
e ocip
f 19
g y-gencatlg
942 ## - ADDED ENTRY ELEMENTS (KOHA)
Source of classification or shelving scheme Library of Congress Classification
Koha item type Monograph ( Printed materials)
Holdings
Withdrawn status Lost status Source of classification or shelving scheme Damaged status Not for loan Collection code Home library Current library Shelving location Date acquired Total Checkouts Full call number Barcode Date last seen Date checked out Copy number Price effective from Koha item type
    Library of Congress Classification     Main Collection ARRUPE LIBRARY ARRUPE LIBRARY   04/03/2013 8 B819.S578 1980 46003091770 30/05/2018 26/03/2018 1 04/03/2013 Monograph ( Printed materials)

 

Arrupe Library. PO Box MP320 Mt Pleasant, Harare, Zimbabwe
263 242 745411|librarian@aju.ac.zw